| 000 | 01092 a2200193 4500 | ||
|---|---|---|---|
| 999 |
_c173155 _d173155 |
||
| 003 | Nust | ||
| 005 | 20170119123944.0 | ||
| 008 | 170119b xxu||||| |||| 00| 0 eng d | ||
| 020 | _a1853260185 (paperback) | ||
| 020 | _a9781853260186 (paperback) | ||
| 040 | _c0 | ||
| 082 | 0 | 4 | _a822.33 |
| 100 | 1 | _aShakespeare, William. | |
| 245 | 1 | 0 |
_aOthello / _cWilliam Shakespeare. |
| 260 |
_a[S.l.] : _bWordsworth Editions Ltd, _c1997. |
||
| 300 |
_a180 p. ; _c20 cm. |
||
| 490 | 1 | _aWordsworth classics. | |
| 520 | _aEdited, Introduced and Annotated by Cedric Watts, Professor of English Literature, University of Sussex This is an intense drama of love, deception, jealousy and destruction. Desdemona's love for Othello, the Moor, transcends racial prejudice; but the envious Iago conspires to devastate their lives. In its vivid rendering of racism, sexism, contested identities, and the savagery lurking within civilisation, Othello is arguably the most topical and accessible tragedy from Shakespeare's major phase as a dramatist. | ||
| 830 | 0 | _aWordsworth classics. | |
| 856 | 4 | 0 |
_3Amazon.com _uhttp://www.amazon.com/exec/obidos/ASIN/1853260185/chopaconline-20 |
| 942 |
_cBK _k822.3 SHA _2ddc |
||